[Event "ACT-ch"]
[Site "Canberra"]
[Date "2017.03.12"]
[Round "5"]
[White "Hathiramani, Dillon"]
[Black "Yuan, Ziqi"]
[Result "1-0"]
[WhiteElo "1949"]
[BlackElo "1748"]
[PlyCount "65"]
[EventDate "2017.03.10"]
[EventType "swiss"]
[EventRounds "7"]
[EventCountry "AUS"]
[SourceTitle "EXT 2023"]
[Source "ChessBase"]
[SourceDate "2022.10.05"]
[SourceVersion "1"]
[SourceVersionDate "2022.10.05"]
[SourceQuality "1"]

1. e4 c6 2. Nc3 d5 3. Nf3 dxe4 4. Nxe4 Nf6 5. Nxf6+ exf6 6. Be2 Bd6 7. d4 0-0 8. 0-0 Qc7 9. c4 b6 10. Be3 Re8 11. Rc1 Bf4 12. Bxf4 Qxf4 13. Re1 Nd7 14. g3 Qc7 15. Bf1 Bb7 16. Bg2 Rad8 17. Qc2 Nf8 18. Re3 Ne6 19. Rce1 Rf8 20. Rd1 Rd6 21. h4 Rfd8 22. Red3 Qd7 23. Bh3 Ba6 24. Kg2 g6 25. Qa4 Qb7 26. Bxe6 fxe6 27. Ra3 Bxc4 28. Qxc4 c5 29. Re3 cxd4 30. Rxe6 Rxe6 31. Qxe6+ Kg7 32. h5 d3 33. h6+ 1-0

[Event "ACT-ch"]
[Site "Canberra"]
[Date "2017.03.11"]
[Round "4"]
[White "Hathiramani, Athena"]
[Black "Yuan, Ziqi"]
[Result "0-1"]
[WhiteElo "1391"]
[BlackElo "1748"]
[PlyCount "114"]
[EventDate "2017.03.10"]
[EventType "swiss"]
[EventRounds "7"]
[EventCountry "AUS"]
[SourceTitle "EXT 2023"]
[Source "ChessBase"]
[SourceDate "2022.10.05"]
[SourceVersion "1"]
[SourceVersionDate "2022.10.05"]
[SourceQuality "1"]

1. e4 c6 2. d4 d5 3. exd5 cxd5 4. Bd3 Nc6 5. c3 Qc7 6. Nf3 Bg4 7. h3 Bh5 8. Bg5 Nf6 9. Nbd2 e6 10. Qc2 Bg6 11. Bxg6 hxg6 12. Bh4 Nxd4 13. Nxd4 Rxh4 14. Qb3 a6 15. 0-0-0 Rxd4 16. Kb1 Rh4 17. Nf3 Rc4 18. Nd2 Rc6 19. Rhe1 Be7 20. f3 Nd7 21. Nf1 Rb6 22. Qc2 Rc8 23. Ka1 Bf6 24. Rc1 d4 25. Re2 dxc3 26. b3 Nc5 27. Ne3 Rd8 28. Rd1 Rxd1+ 29. Nxd1 Nd3 30. Kb1 Nb4 31. Qe4 c2+ 32. Rxc2 Qxc2+ 33. Qxc2 Nxc2 34. Kxc2 Bd4 35. Kd3 e5 36. f4 f6 37. fxe5 fxe5 38. Ke4 Rf6 39. Ne3 Bxe3 40. Kxe3 Kd7 41. Ke4 Ke6 42. g4 Rf4+ 43. Ke3 Kd5 44. a3 g5 45. b4 e4 46. h4 Rf3+ 47. Ke2 Rxa3 48. hxg5 Kd4 49. g6 Ra2+ 50. Kd1 Kc3 51. b5 axb5 52. Ke1 Kd3 53. g5 Rb2 54. Kf1 Ke3 55. Kg1 Kf3 56. Kh1 Kg3 57. Kg1 Rb1# 0-1

[Event "ACT-ch"]
[Site "Canberra"]
[Date "2016.02.14"]
[Round "5"]
[White "Diao, Yizhen"]
[Black "Yuan, Ziqi"]
[Result "0-1"]
[WhiteElo "803"]
[BlackElo "1693"]
[PlyCount "90"]
[EventDate "2016.02.12"]
[EventType "swiss"]
[EventRounds "9"]
[EventCountry "AUS"]
[SourceTitle "CBM 171 Extra"]
[Source "ChessBase"]
[SourceDate "2016.04.26"]
[SourceVersion "1"]
[SourceVersionDate "2016.04.26"]
[SourceQuality "1"]

1. e4 c6 2. d4 d5 3. exd5 cxd5 4. Nc3 Bf5 5. Bf4 e6 6. Bb5+ Nc6 7. Nf3 a6 8. Bxc6+ bxc6 9. 0-0 Nf6 10. Re1 Be7 11. Qd2 0-0 12. Ne5 Rc8 13. Rad1 c5 14. Ne2 Qb6 15. c3 Rb8 16. b3 Rbc8 17. Qb2 a5 18. Bg5 Rc7 19. Bxf6 Bxf6 20. Nf3 a4 21. Rd2 Rb8 22. Nc1 Rcb7 23. dxc5 Qxc5 24. Nd4 Bg6 25. b4 Qc4 26. a3 Rc8 27. Na2 Qc7 28. Qa1 Bg5 29. Rb2 Bd3 30. Qd1 Bc4 31. Qxa4 Ra7 32. Qc2 Rxa3 33. Ne2 Qe5 34. Qb1 Rca8 35. Nd4 Qf6 36. Nc1 Rxc3 37. Nce2 Bd3 38. Qd1 Bxe2 39. Rexe2 Rc1 40. Qxc1 Bxc1 41. Rec2 Bxb2 42. g3 Qxd4 43. b5 Qe4 44. h4 Ra1+ 45. Kh2 Rh1# 0-1

[Event "ACT-ch"]
[Site "Canberra"]
[Date "2016.02.14"]
[Round "4"]
[White "Yuan, Ziqi"]
[Black "Braguine, Victor"]
[Result "0-1"]
[WhiteElo "1693"]
[BlackElo "1882"]
[PlyCount "68"]
[EventDate "2016.02.12"]
[EventType "swiss"]
[EventRounds "9"]
[EventCountry "AUS"]
[SourceTitle "CBM 171 Extra"]
[Source "ChessBase"]
[SourceDate "2016.04.26"]
[SourceVersion "1"]
[SourceVersionDate "2016.04.26"]
[SourceQuality "1"]

1. b4 c6 2. c4 e6 3. Bb2 Nf6 4. a3 Be7 5. e3 0-0 6. Nf3 d5 7. Nc3 Nbd7 8. Be2 a5 9. b5 c5 10. 0-0 dxc4 11. Bxc4 Nb6 12. Be2 Nbd5 13. Qc2 b6 14. Rfd1 Bb7 15. d4 Qc7 16. Nxd5 Bxd5 17. dxc5 bxc5 18. Be5 Qb7 19. Ne1 Nd7 20. Bc3 a4 21. Qb2 Bf6 22. Rac1 Bxc3 23. Rxc3 Rac8 24. Rdc1 Rc7 25. Bf3 Rfc8 26. Bxd5 exd5 27. Nd3 c4 28. Nf4 Rc5 29. Rb1 Rb8 30. Nh5 d4 31. Rcc1 Rxh5 32. Qxd4 Rxb5 33. Rb4 Rxb4 34. axb4 Nb6 0-1